Normal view
MARC view
- Silverman, Melvin
Entry Personal Name
001 - CONTROL NUMBER
- control field: 84889
003 - CONTROL NUMBER IDENTIFIER
- control field: NUST
005 - DATE AND TIME OF LATEST TRANSACTION
- control field: 20211123103910.0
008 - FIXED-LENGTH DATA ELEMENTS
- fixed length control field: 211123|| aca||aabn | a|a d
040 ## - CATALOGING SOURCE
- Original cataloging agency: NUST
- Transcribing agency: NUST
100 ## - HEADING--PERSONAL NAME
- Personal name: Silverman, Melvin
670 ## - SOURCE DATA FOUND
- Source citation: Work cat.: (NUST)31753: Silverman, Melvin., The Technical Manager's Handbook :, c1996.
